| 000 | 00624nam a2200193 i 4500 | ||
|---|---|---|---|
| 001 | 135396 | ||
| 003 | ES-MaACL | ||
| 005 | 20240224063110.0 | ||
| 007 | t| | ||
| 008 | 070717s1971 sp a |||| | spa d | ||
| 080 | _a332.264.4(460)"17/18" | ||
| 100 | 0 |
_aTomás y Valiente, Francisco, _d1932-1996 _9110535 |
|
| 245 | 1 | 3 |
_aEl marco político de la desamortización en España / _cFrancisco Tomás y Valiente. |
| 260 |
_aBarcelona, etc. : _bAriel, _c[1971] |
||
| 300 |
_a172 p. : _bil. ; _c18 cm. |
||
| 650 | 0 | 4 |
_aDesamortización- _zEspaña. _911785 |
| 852 |
_aES-MaACL _jC-45434 |
||
| 999 |
_c135396 _d135396 |
||